Skoki Narciarskie - Zdobywcy Podium z Japonii (2010-2019) - Statystyki

Ogólne statystyki
  • Ten quiz został rozwiązany 82 razy
  • Średni wynik to 6 z 6
Statystyki odpowiedzi
Liczba podiów Lata aktywności Skoczek % Poprawnych
1 2011- Junshiro Kobayashi
100%
20 1988- Noriaki Kasai
100%
25 2016- Ryoyu Kobayashi
100%
14 2002-2022 Daiki Ito
96%
2 2015- Yukiya Sato
86%
4 2006- Taku Takeuchi
81%
Nie znaleziono quizów pasujących do podanych kryteriów
Rozkład punktacji
Procent ludzi z każdym wynikiem
Percentyl według liczby udzielonych odpowiedzi
Twoja historia wyników
Nie rozwiązałeś tego quizu